00554 2200217 4500001002100000005001500021035002000036007000300056008004100059020001800100082001100118084001700129100001600146245004400162250001100206260003800217300002700255650002600282990001300308990001500321INLIS00000000000075520171018090147 a0010-1017000309ta171018 g 0 ind  a979-541-172-1 a297.09 a297.09 JAM s0 aJamil Ahmad1 aSeratus Muslim Terkemuka /cJamil Ahmad aCet. 9 aJakarta :bPustaka Firdaus,c2009 a528hlm ;c14,5 x 21 cm aBiografi Tokoh Muslim a1071 892 a1071 892 a